|
|
|
|
| LEADER |
01049nam a2200253 a 4500 |
| 001 |
13421923 |
| 008 |
101004r20092004enka b 001 0 eng d |
| 010 |
|
|
|a 2003063628
|
| 020 |
|
|
|a 0321116178 (pbk.)
|
| 020 |
|
|
|a 9788131723241
|
| 040 |
|
|
|a DLC
|c DLC
|d DLC
|d BD-DhAAL
|
| 082 |
0 |
0 |
|a 006.3
|2 22
|
| 100 |
1 |
|
|a Karray, Fakhreddine O.
|
| 245 |
1 |
0 |
|a Soft computing and intelligent systems design :
|b theory, tools, and applications/
|c Fakhreddine O. Karray and Clarence de Silva.
|
| 260 |
|
|
|a Harlow, England ;
|a New York ;
|a New Delhi :
|b Pearson/Addison Wesley,
|c 2004.[Reprinted 2009]
|
| 300 |
|
|
|a xxiv, 560 p. :
|b ill. ;
|c 24 cm.
|
| 504 |
|
|
|a Includes bibliographical references and index.
|
| 541 |
1 |
|
|e 00021123
|
| 650 |
|
0 |
|a Soft computing.
|
| 650 |
|
0 |
|a Expert systems (Computer science)
|
| 700 |
1 |
|
|a De Silva, Clarence W.
|
| 852 |
4 |
|
|a Ayesha Abed Library
|j General shelf
|
| 999 |
|
|
|c 9633
|d 9633
|
| 952 |
|
|
|0 0
|1 0
|2 ddc
|4 0
|6 006_300000000000000_KAR_2009
|7 0
|9 12253
|a BRACUL
|b BRACUL
|c GEN
|d 2010-10-04
|g 535.50
|l 0
|o 006.3 KAR
|p 3010021123
|r 2010-10-04
|t 1
|w 2010-10-04
|y BK
|